000 01061nam a22002537a 4500
003 OSt
005 20251007180746.0
008 240408b ||||| |||| 00| 0 eng d
040 _c0
082 _aDPer 621.317 Ie21 October 2022 v. 37 n. 10
100 _aWu, Dong.
_eauthor.
_956326
245 _aAn improved pulse density modulator in inductive power transfer system /
_cDong Wu, Ruikun Mai, Wei Zhou, Yeran Liu, Fan Peng, Shiqiao Zhao, and Qichen Zhou.
260 _aNew York ;
_bThe Institute of Electrical and Electronics Engineers, Inc. ,
_cOctober 2022.
300 _aVolume 37, pages 12805-12813 :
_billustration ;
_c28 cm.
500 _aIEEE Transactions on Power Electronics, v. 37, n. 10, pages 12805-12813, October 2022.
700 _aWu, Dong.
_eauhtor.
_956326
700 _aMai, Ruikun.
_eauthor.
_956327
700 _aZhou, Wei.
_eauthor.
_956328
700 _aLiu, Yeran.
_eauthor.
_956329
700 _aPeng, Fan.
_eauthor.
_956330
700 _aZhao, Shiqiao.
_eauthor.
_956331
700 _aZhou, Qichen.
_eauthor.
_956332
942 _2ddc
_cPER
999 _c20086
_d20086